Historical records of the survey of India volume two (Record no. 104088)

MARC details
000 -LEADER
fixed length control field 01804cam a2200469 4500
001 - CONTROL NUMBER
control field J3304
008 - FIXED-LENGTH DATA ELEMENTS--GENERAL INFORMATION
fixed length control field #DATE n1950 000 0 eng u
035 ## - SYSTEM CONTROL NUMBER
System control number (Sirsi) u129031
041 ## - LANGUAGE CODE
Language code of text/sound track or separate title eng
100 ## - MAIN ENTRY--PERSONAL NAME
Personal name Phillimore, R. H.
245 ## - TITLE STATEMENT
Title Historical records of the survey of India volume two
Remainder of title 1800 to 1815
260 ## - PUBLICATION, DISTRIBUTION, ETC.
Place of publication, distribution, etc. Dehra Dun
Name of publisher, distributor, etc. Surveyor General of India
Date of publication, distribution, etc. 1950
300 ## - PHYSICAL DESCRIPTION
Extent xxviii, 478p.
Other physical details ill.
Dimensions 30cm.
350 ## - PRICE (NR) (BK AM CF MU VM SE) [OBSOLETE]
Price 0
490 ## - SERIES STATEMENT
Series statement Historical Records of the Survey of India
Volume/sequential designation 2
505 ## - FORMATTED CONTENTS NOTE
Formatted contents note Bengal and Orissa
505 ## - FORMATTED CONTENTS NOTE
Formatted contents note Upper provinces and Oudh
505 ## - FORMATTED CONTENTS NOTE
Formatted contents note South-western marches
505 ## - FORMATTED CONTENTS NOTE
Formatted contents note North-west frontier
505 ## - FORMATTED CONTENTS NOTE
Formatted contents note Himalaya mountains
505 ## - FORMATTED CONTENTS NOTE
Formatted contents note Survey of Mysore 1800-5
505 ## - FORMATTED CONTENTS NOTE
Formatted contents note Mysore and Kanara
505 ## - FORMATTED CONTENTS NOTE
Formatted contents note Madras military surveys
505 ## - FORMATTED CONTENTS NOTE
Formatted contents note Carnatic districts
505 ## - FORMATTED CONTENTS NOTE
Formatted contents note Other Madras surveys
505 ## - FORMATTED CONTENTS NOTE
Formatted contents note Bombay and Persia
505 ## - FORMATTED CONTENTS NOTE
Formatted contents note Revenue surveys
505 ## - FORMATTED CONTENTS NOTE
Formatted contents note Astronomical control
505 ## - FORMATTED CONTENTS NOTE
Formatted contents note Professional methods of survey
505 ## - FORMATTED CONTENTS NOTE
Formatted contents note Instruments
505 ## - FORMATTED CONTENTS NOTE
Formatted contents note Lambton's trigonometrical survey
505 ## - FORMATTED CONTENTS NOTE
Formatted contents note Lambton's professional details
505 ## - FORMATTED CONTENTS NOTE
Formatted contents note Maps
505 ## - FORMATTED CONTENTS NOTE
Formatted contents note Administration
505 ## - FORMATTED CONTENTS NOTE
Formatted contents note Surveyors
505 ## - FORMATTED CONTENTS NOTE
Formatted contents note Allowances and expenditure
505 ## - FORMATTED CONTENTS NOTE
Formatted contents note Civil assistants
505 ## - FORMATTED CONTENTS NOTE
Formatted contents note People and country of India
520 ## - SUMMARY, ETC.
Summary, etc. Second volume in this definitive history of the survey of India covering the period during which large parts of modern India were explored and surveyed by the East India Company for the first time. Describes Lambton and Mackenzie's efforts to ensure that surveys were carried out to the highest scientific standards and on a logical province by province basis. Includes maps and references to source material.
690 ## - LOCAL SUBJECT ADDED ENTRY--TOPICAL TERM (OCLC, RLIN)
Topical term or geographic name as entry element MAPPING AND MEASUREMENT
942 ## - ADDED ENTRY ELEMENTS (KOHA)
Suppress in OPAC 0

No items available.